Psicología de la comunicación

Saved in:
Bibliographic Details
Main Author: Miller, George Armitage (autor)
Format: Book
Language:Spanish
Published: Buenos Aires Paidos 1969
Series:Biblioteca Psicologías del siglo XX, 23
Subjects:
Tags: Add Tag
No Tags, Be the first to tag this record!

MARC

LEADER 00000nam a2200000 a 4500
001 UCY5708
003 CL-VaPUC
008 950512e19690000AG |||||||||||||||||spa|d
082 0 4 |a 153.6  |b MIL  |2 21 
100 |a Miller, George Armitage  |e autor  |9 549958 
245 1 0 |a Psicología de la comunicación 
300 |a 155 p 
942 |c BK 
945 |d 19950512 00:00:00  |a cmena 
260 |a Buenos Aires  |b Paidos  |c 1969 
650 0 |a Información  |9 256927 
650 0 |a Memoria  |9 266549 
650 0 |a Sistemas de comunicación   |9 260934 
650 0 |a Investigación  |9 257811 
650 7 |a PARAPSICOLOGIA  |2 CL-VaPUC  |9 309534 
650 7 |a PSICOLOGIA DE LA COMUNICACION  |2 CL-VaPUC  |9 332059 
583 |a last modification  |c 19950512 00:00:00  |k Rodrigo Vera 
490 0 |a Biblioteca Psicologías del siglo XX, 23 
999 |c 233335  |d 233333 
952 |0 0  |1 0  |4 0  |6 153_600000000000000_MIL_1969  |7 0  |8 P  |9 238778  |a BIBEDU  |b BIBEDU  |c BIBEDU_PB  |d 2019-11-18  |i 1500481  |o 153.6 MIL 1969  |p 1500481  |r 2024-01-25  |w 2019-11-18  |y BK  |k EDU 
952 |0 0  |1 0  |4 0  |6 153_600000000000000_MIL_1969  |7 0  |8 A  |9 238779  |a FDOPOS  |b FDOPOS  |d 2019-11-18  |i 4319095  |o 153.6 MIL 1969  |p 4319095  |r 2025-01-22  |w 2019-11-18  |y BK  |k MLA